| 000 | 00500nam a2200145 i 4500 | ||
|---|---|---|---|
| 001 | 68012 | ||
| 003 | ES-MaACL | ||
| 007 | t| | ||
| 008 | 040217s1941 sp ||||1| spa d | ||
| 100 | 1 |
_aGamechogoicoechea y Alegría, Francisco de. _953779 |
|
| 245 | 1 | 0 |
_aTratado de Derecho marítimo español / _cpor Francisco de Gamechogoicoechea y Alegría. |
| 260 |
_a[Bilbao : _bCámara Oficial de Comercio, Industria y Navegación, _c1941] |
||
| 300 |
_a2 v. ; _c24 cm. |
||
| 852 |
_aES-MaACL _jE-3348-9 _bR.20651 |
||
| 999 |
_c68012 _d68012 |
||